[Event "Oakham Young Masters"]
[Site "Oakham"]
[Date "1990.??.??"]
[Round "?"]
[White "Regan, Natasha K"]
[Black "Tozer, Richard JD"]
[Result "0-1"]
[WhiteElo "2010"]
[BlackElo "2290"]
[PlyCount "68"]
[EventDate "1990.03.28"]
[EventType "swiss"]
[EventRounds "9"]
[EventCountry "ENG"]
[SourceTitle "BritBase"]
[Source "John Saunders"]
[SourceDate "2023.06.27"]
[SourceVersion "1"]
[SourceVersionDate "2023.06.27"]
[SourceQuality "1"]

1. Nf3 Nf6 2. c4 e6 3. g3 d5 4. Bg2 Be7 5. O-O O-O 6. b3 c5 7. cxd5 exd5 8. d4
Nc6 9. dxc5 Bxc5 10. Bb2 Re8 11. Nc3 a6 12. Rc1 Ba7 13. Qc2 d4 14. Rcd1 Qa5 15.
Na4 Bf5 16. Qc1 Rad8 17. Rfe1 Be4 18. Ba3 Rd5 19. Nd2 Bxg2 20. Kxg2 Rh5 21. Nf3
Qf5 22. Nh4 Qg4 23. f3 Qe6 24. Qc2 Nd5 25. Rd3 Ne5 26. Bc1 Nxd3 27. Qxd3 Ne3+
28. Bxe3 Qxe3 29. Qc4 b5 30. Qc7 d3 31. Qd7 bxa4 32. Rc1 Qxe2+ 33. Kh3 Qe6+ 34.
Qxe6 fxe6 0-1

[Event "Oakham Young Masters"]
[Site "Oakham"]
[Date "1990.??.??"]
[Round "?"]
[White "Regan, Natasha K"]
[Black "Werner, Marc"]
[Result "0-1"]
[WhiteElo "2010"]
[BlackElo "2370"]
[PlyCount "74"]
[EventDate "1990.03.28"]
[EventType "swiss"]
[EventRounds "9"]
[EventCountry "ENG"]
[SourceTitle "BritBase"]
[Source "John Saunders"]
[SourceDate "2023.06.27"]
[SourceVersion "1"]
[SourceVersionDate "2023.06.27"]
[SourceQuality "1"]

1. Nf3 Nf6 2. c4 e6 3. g3 d5 4. Bg2 Be7 5. Nc3 O-O 6. O-O d4 7. Nb5 c5 8. e3 a6
9. Na3 Nc6 10. d3 e5 11. exd4 exd4 12. Nc2 Bf5 13. Re1 Qd7 14. Rb1 Rfe8 15. Bf4
Rad8 16. Ne5 Nxe5 17. Rxe5 b5 18. b4 bxc4 19. bxc5 Bxd3 20. c6 Qg4 21. Qc1 Bd6
22. Rxe8+ Nxe8 23. Bxd6 Nxd6 24. c7 Rc8 25. Rb8 Qd7 26. Qf4 Qxc7 27. Rxc8+ Qxc8
28. Nxd4 Qe8 29. h4 Ne4 30. Nf5 Nf6 31. Bc6 Qe1+ 32. Kh2 h5 33. Ne3 c3 34. Ng2
Qd2 35. Qb8+ Kh7 36. Qb4 Ng4+ 37. Kh1 Qd1+ 0-1

[Event "Oakham Young Masters"]
[Site "Oakham"]
[Date "1990.??.??"]
[Round "?"]
[White "Summerscale, Aaron P"]
[Black "Carton, Niall"]
[Result "1-0"]
[WhiteElo "2295"]
[BlackElo "2205"]
[PlyCount "83"]
[EventDate "1990.03.28"]
[EventType "swiss"]
[EventRounds "9"]
[EventCountry "ENG"]
[SourceTitle "BritBase"]
[Source "John Saunders"]
[SourceDate "2023.06.27"]
[SourceVersion "1"]
[SourceVersionDate "2023.06.27"]
[SourceQuality "1"]

1. Nf3 Nf6 2. d4 e6 3. g3 c5 4. Bg2 d5 5. O-O Be7 6. c4 O-O 7. cxd5 exd5 8. Nc3
h6 9. Be3 c4 10. b3 Qa5 11. Bd2 Bb4 12. Qe1 Nc6 13. a3 Bxc3 14. Bxc3 Qb5 15.
bxc4 Qxc4 16. Rc1 Qa4 17. Bb4 Re8 18. e3 a5 19. Bc5 Ne4 20. Qd1 Nxc5 21. Rxc5
Qxa3 22. Rxd5 Be6 23. Rc5 Bb3 24. Qb1 Nb4 25. Nd2 Ba2 26. Qa1 Qd3 27. Rd1 Qa6
28. Bf1 Qf6 29. Nc4 Rec8 30. Rxc8+ Rxc8 31. Na3 Qc6 32. Bg2 Bd5 33. Bxd5 Nxd5
34. Qb2 Nc3 35. Rd2 Qf3 36. Rc2 Qd1+ 37. Kg2 Qd3 38. Nb1 Nxb1 39. Rxc8+ Kh7 40.
Qc2 Qxc2 41. Rxc2 Na3 42. Rc3 1-0

[Event "Oakham Young Masters"]
[Site "Oakham"]
[Date "1990.??.??"]
[Round "?"]
[White "Summerscale, Aaron P"]
[Black "Maric, Alisa"]
[Result "1-0"]
[WhiteElo "2295"]
[BlackElo "2365"]
[PlyCount "97"]
[EventDate "1990.03.28"]
[EventType "swiss"]
[EventRounds "9"]
[EventCountry "ENG"]
[SourceTitle "BritBase"]
[Source "John Saunders"]
[SourceDate "2023.06.27"]
[SourceVersion "1"]
[SourceVersionDate "2023.06.27"]
[SourceQuality "1"]

1. Nf3 d5 2. d4 Nf6 3. e3 Bg4 4. c4 e6 5. Qb3 Qc8 6. Nc3 c6 7. Bd2 Nbd7 8. Rc1
Qb8 9. h3 Bh5 10. g4 Bg6 11. Nh4 Be7 12. Nxg6 hxg6 13. Bg2 Nb6 14. cxd5 exd5
15. Na4 Nxa4 16. Qxa4 O-O 17. b4 a6 18. Qc2 Re8 19. a4 Qd6 20. Qb1 Bd8 21. b5
cxb5 22. axb5 Ne4 23. Bb4 Qb6 24. O-O a5 25. Qa2 Qe6 26. Bd2 Bb6 27. Rc2 Qd7
28. Rfc1 f5 29. Be1 Kh7 30. Qb3 Qf7 31. f3 Nd6 32. Bf2 Rad8 33. Rc3 f4 34. exf4
Qxf4 35. Rd1 Nc4 36. Qc2 Bc7 37. h4 Re6 38. h5 Rde8 39. hxg6+ Kg8 40. Kf1 Bd6
41. Qf5 Nd2+ 42. Rxd2 Qxd2 43. Qf7+ Kh8 44. Qxe6 Qd1+ 45. Be1 Qxe1+ 46. Qxe1
Rxe1+ 47. Kxe1 Bb4 48. Kd2 a4 49. Kc2 1-0

[Event "Oakham Young Masters"]
[Site "Oakham"]
[Date "1990.??.??"]
[Round "?"]
[White "Tozer, Richard JD"]
[Black "Carton, Niall"]
[Result "1-0"]
[WhiteElo "2290"]
[BlackElo "2205"]
[PlyCount "51"]
[EventDate "1990.03.28"]
[EventType "swiss"]
[EventRounds "9"]
[EventCountry "ENG"]
[SourceTitle "BritBase"]
[Source "John Saunders"]
[SourceDate "2023.06.27"]
[SourceVersion "1"]
[SourceVersionDate "2023.06.27"]
[SourceQuality "1"]

1. d4 e6 2. c4 Nf6 3. Nc3 Bb4 4. Qc2 O-O 5. a3 Bxc3+ 6. Qxc3 b5 7. cxb5 Nd5 8.
Qc2 f5 9. Nf3 a6 10. e3 Bb7 11. Bd2 Qf6 12. bxa6 Nxa6 13. Be2 Qg6 14. O-O Nf6
15. Ne1 h5 16. b4 h4 17. b5 Be4 18. Qc1 Nb8 19. Qxc7 Nh5 20. a4 Qg5 21. Bxh5
Qxh5 22. f3 Bd5 23. a5 g5 24. a6 g4 25. a7 gxf3 26. Nxf3 1-0

[Event "Oakham Young Masters"]
[Site "Oakham"]
[Date "1990.??.??"]
[Round "?"]
[White "Tozer, Richard JD"]
[Black "Mortazavi, Ali"]
[Result "1-0"]
[WhiteElo "2290"]
[BlackElo "2275"]
[PlyCount "73"]
[EventDate "1990.03.28"]
[EventType "swiss"]
[EventRounds "9"]
[EventCountry "ENG"]
[SourceTitle "BritBase"]
[Source "John Saunders"]
[SourceDate "2023.06.27"]
[SourceVersion "1"]
[SourceVersionDate "2023.06.27"]
[SourceQuality "1"]

1. d4 Nf6 2. c4 d6 3. Nc3 c6 4. e4 Nbd7 5. Nf3 e5 6. Be2 Be7 7. O-O O-O 8. Rb1
Re8 9. b4 Qc7 10. d5 cxd5 11. Nxd5 Nxd5 12. cxd5 Nf6 13. Nd2 Bd7 14. Bb2 b5 15.
Qb3 Qb7 16. Kh1 Bd8 17. Qg3 Rc8 18. f4 Rc2 19. fxe5 dxe5 20. Qd3 Qc8 21. Bd1
Rxd2 22. Qxd2 Nxe4 23. Qe1 f5 24. Rc1 Qa6 25. Bb3 Qh6 26. Rc2 Bh4 27. Qc1 Ng3+
28. Kg1 Bg5 29. Qe1 Nxf1 30. Qxf1 Bf4 31. g3 Be3+ 32. Kh1 f4 33. gxf4 Bf5 34.
Rg2 Be4 35. fxe5 Rf8 36. d6+ Kh8 37. Qxf8# 1-0

[Event "Oakham Young Masters"]
[Site "Oakham"]
[Date "1990.??.??"]
[Round "?"]
[White "Webster, Andrew A"]
[Black "Juergens Peicheva, Vera"]
[Result "1/2-1/2"]
[WhiteElo "2275"]
[BlackElo "2185"]
[PlyCount "87"]
[EventDate "1990.03.28"]
[EventType "swiss"]
[EventRounds "9"]
[EventCountry "ENG"]
[SourceTitle "BritBase"]
[Source "John Saunders"]
[SourceDate "2023.06.27"]
[SourceVersion "1"]
[SourceVersionDate "2023.06.27"]
[SourceQuality "1"]

1. c4 c5 2. g3 Nf6 3. Bg2 d5 4. cxd5 Nxd5 5. Nc3 Nc7 6. Nf3 Nc6 7. O-O e5 8.
Ne1 Bf5 9. f4 exf4 10. gxf4 Qd7 11. e3 Be7 12. b3 O-O-O 13. Ne4 Nd5 14. Qf3
Rhe8 15. Bb2 Bxe4 16. Qxe4 Nf6 17. Qa4 Qxd2 18. Bxc6 Qxb2 19. Bxe8 Qxa1 20.
Bxf7 Qc3 21. Ng2 Kb8 22. f5 Qb4 23. Qxb4 cxb4 24. Rc1 Rd2 25. Nf4 Ne4 26. Bd5
Nc3 27. Bc4 Rxa2 28. Nd5 Bc5 29. Nxc3 Bxe3+ 30. Kh1 Rb2 31. Nd1 Bxc1 32. Nxb2
Bxb2 33. Kg2 Kc7 34. Kf3 Kc6 35. Ke4 b5 36. Bf7 a5 37. Be8+ Kc5 38. Kd3 g6 39.
fxg6 hxg6 40. Bxg6 a4 41. Kc2 Be5 42. Be8 a3 43. Kb1 Bxh2 44. Ka2 1/2-1/2

[Event "Oakham Young Masters"]
[Site "Oakham"]
[Date "1990.??.??"]
[Round "?"]
[White "Webster, Andrew A"]
[Black "Maric, Alisa"]
[Result "1/2-1/2"]
[WhiteElo "2275"]
[BlackElo "2365"]
[PlyCount "86"]
[EventDate "1990.03.28"]
[EventType "swiss"]
[EventRounds "9"]
[EventCountry "ENG"]
[SourceTitle "BritBase"]
[Source "John Saunders"]
[SourceDate "2023.06.27"]
[SourceVersion "1"]
[SourceVersionDate "2023.06.27"]
[SourceQuality "1"]

1. c4 Nf6 2. g3 e6 3. Nf3 d5 4. b3 a5 5. Bb2 a4 6. Na3 Be7 7. Bg2 O-O 8. O-O c6
9. d3 Nbd7 10. Qd2 axb3 11. axb3 Nc5 12. Qc2 Bd7 13. Ra2 Qb6 14. Nd2 Na6 15.
Qb1 Bb4 16. Nf3 Rfe8 17. Nc2 Be7 18. Ba3 Bxa3 19. Rxa3 e5 20. cxd5 Nxd5 21. Qb2
f6 22. Nd2 Bg4 23. Nc4 Qc5 24. Ra5 Qf8 25. N2e3 Nxe3 26. Nxe3 Be6 27. Rfa1 Nc7
28. b4 Nb5 29. Nd1 Nd4 30. Nc3 Nb3 31. Rxa8 Rxa8 32. Rxa8 Qxa8 33. Bd5 Bxd5 34.
Nxd5 Qa4 35. Nc7 Kf7 36. Kg2 Qxb4 37. Qa2 Qb6 38. Na8 Qb4 39. Nc7 Ke7 40. Qa8
Kd7 41. Ne8 Nd2 42. Nxg7 Qb1 43. Kh3 Qf1+ 1/2-1/2

[Event "Oakham Young Masters"]
[Site "Oakham"]
[Date "1990.??.??"]
[Round "?"]
[White "Werner, Marc"]
[Black "Cullip, Stephen J"]
[Result "1-0"]
[WhiteElo "2370"]
[BlackElo "2285"]
[PlyCount "83"]
[EventDate "1990.03.28"]
[EventType "swiss"]
[EventRounds "9"]
[EventCountry "ENG"]
[SourceTitle "BritBase"]
[Source "John Saunders"]
[SourceDate "2023.06.27"]
[SourceVersion "1"]
[SourceVersionDate "2023.06.27"]
[SourceQuality "1"]

1. e4 c5 2. Nf3 e6 3. Nc3 a6 4. d4 cxd4 5. Nxd4 Qc7 6. Be3 Nf6 7. Bd3 Be7 8.
O-O O-O 9. f4 d6 10. Qf3 Nc6 11. Qg3 Re8 12. e5 Nd7 13. f5 Ndxe5 14. f6 Bf8 15.
fxg7 Bxg7 16. Nf5 Ng6 17. Nxg7 Kxg7 18. h4 Qa5 19. Bg5 Qc5+ 20. Kh2 f5 21. h5
Nce5 22. Be2 b5 23. Be3 Qc7 24. hxg6 hxg6 25. a4 Bb7 26. Bd4 Rh8+ 27. Kg1 Rh7
28. Rae1 Rah8 29. Bf3 Bxf3 30. Rxe5 Kf7 31. Rxf5+ gxf5 32. Bxh8 Rxh8 33. Qxf3
Rh4 34. Re1 d5 35. Qe3 Qh2+ 36. Kf1 Qd6 37. Ne2 d4 38. Qg3 Qd8 39. Nf4 Rg4 40.
Nxe6 Qe7 41. Qc7 Rf4+ 42. Qxf4 1-0

[Event "Oakham Young Masters"]
[Site "Oakham"]
[Date "1990.??.??"]
[Round "?"]
[White "Werner, Marc"]
[Black "Hennigan, Michael T"]
[Result "1/2-1/2"]
[WhiteElo "2370"]
[BlackElo "2355"]
[PlyCount "84"]
[EventDate "1990.03.28"]
[EventType "swiss"]
[EventRounds "9"]
[EventCountry "ENG"]
[SourceTitle "BritBase"]
[Source "John Saunders"]
[SourceDate "2023.06.27"]
[SourceVersion "1"]
[SourceVersionDate "2023.06.27"]
[SourceQuality "1"]

1. e4 g6 2. Nc3 Bg7 3. g3 d6 4. Bg2 Nf6 5. d3 O-O 6. h3 c6 7. Be3 e5 8. Nge2 d5
9. exd5 Nxd5 10. Nxd5 cxd5 11. O-O Nc6 12. f4 Re8 13. Bf2 e4 14. dxe4 dxe4 15.
Qxd8 Rxd8 16. Bxe4 Bxh3 17. Rfd1 Bg4 18. Rxd8+ Rxd8 19. Nc3 Rd2 20. Be1 Rd7 21.
a3 h5 22. Bf2 f5 23. Bd3 Nd4 24. a4 a6 25. Bxd4 Bxd4+ 26. Kg2 Kg7 27. Re1 g5
28. fxg5 Bxc3 29. bxc3 Kg6 30. c4 Kxg5 31. c5 h4 32. gxh4+ Kxh4 33. Re6 Kg5 34.
c6 bxc6 35. Rxc6 a5 36. Rc5 Kf4 37. Rxa5 Bf3+ 38. Kf2 Be4 39. Bxe4 fxe4 40. Rc5
Rd2+ 41. Ke1 Rh2 42. Rc3 Rh1+ 1/2-1/2

[Event "Oakham Young Masters"]
[Site "Oakham"]
[Date "1990.??.??"]
[Round "?"]
[White "Werner, Marc"]
[Black "Webster, Andrew A"]
[Result "1/2-1/2"]
[WhiteElo "2370"]
[BlackElo "2275"]
[PlyCount "113"]
[EventDate "1990.03.28"]
[EventType "swiss"]
[EventRounds "9"]
[EventCountry "ENG"]
[SourceTitle "BritBase"]
[Source "John Saunders"]
[SourceDate "2023.06.27"]
[SourceVersion "1"]
[SourceVersionDate "2023.06.27"]
[SourceQuality "1"]

1. e4 g6 2. d4 Bg7 3. Nc3 c6 4. Bc4 d6 5. Qf3 e6 6. Nge2 Nd7 7. O-O Qe7 8. Bb3
e5 9. Bg5 Ngf6 10. Rad1 O-O 11. Qd3 exd4 12. Qxd4 Nc5 13. Bxf6 Qxf6 14. Qxf6
Bxf6 15. Rxd6 Kg7 16. Rd2 a5 17. Bc4 b5 18. Bd3 b4 19. Nd1 Rd8 20. Nc1 Nxe4 21.
Re2 Nc5 22. Bc4 Ra7 23. Nd3 Be6 24. Bxe6 Nxe6 25. Ne3 c5 26. b3 a4 27. Nc4 axb3
28. axb3 Ra2 29. Rb1 Rxd3 30. Rxe6 Rxc2 31. Re3 Rxb3 32. Rexb3 Rxc4 33. Kf1 Rc2
34. Re3 Bd4 35. Re2 Rc3 36. Rd2 b3 37. Ke2 Kf6 38. Ra1 Ke5 39. Ra4 Rc1 40. f4+
Kxf4 41. Rdxd4+ cxd4 42. Rxd4+ Ke5 43. Rb4 Rb1 44. h3 b2 45. Kf2 f5 46. h4 f4
47. Rb5+ Kf6 48. Rb6+ Kf5 49. h5 gxh5 50. Rb5+ Kg4 51. Rb6 h4 52. Rb7 h3 53.
gxh3+ Kxh3 54. Rxh7+ Kg4 55. Rg7+ Kf5 56. Rb7 Rh1 57. Rxb2 1/2-1/2